000 00632nam a22001577a 4500
003 OSt
005 20150916103432.0
008 150916b xxu||||| |||| 00| 0 eng d
040 _cRUA
082 _aAGR LON 2002 B027 Or.1
100 _9575
_aLONG, VANNARA.
245 _aeffecting of different fertilizers using on chinese radish yield (ការសិក្សាប្រៀបធៀបនៃការប្រើប្រាស់ជីប្រភេទផ្សេងៗទៅលើទេន្នផលនៃដំណាំឆៃថាវ)
260 _aPhnom Penh
_bRUA
_c2002
300 _a64p.
_bill.
_c29cm.
942 _2ddc
_cAGR
999 _c551
_d551